Foreign shipping news.

Bibliographic Details
Corporate Author: United States. Department of Commerce
Format: Government Document eBook
Language:English
Published: [Washington] : [publisher not identified], 1932.
Subjects:
Online Access:Connect to the full text of this electronic document

MARC

Tag First Indicator Second Indicator Subfields
LEADER 00000cam a22000001a 4500
001 in00003675713
005 20190408175817.0
006 m o d f
007 cr bn mmmapmmp
008 141203s1932 dcu o f000 0 eng d
035 |a ebd1910209952 
040 |a UMI  |c UMI  |d UtOrBLW 
086 0 |a C 18.89:371 
099 |a C18.89-8 
110 1 |a United States.  |b Department of Commerce.  |0 http://id.loc.gov/authorities/names/n79071034 
245 1 0 |a Foreign shipping news. 
264 1 |a [Washington] :  |b [publisher not identified],  |c 1932. 
300 |a 1 online resource (3-11 pages) 
336 |a text  |b txt  |2 rdacontent 
337 |a computer  |b c  |2 rdamedia 
338 |a online resource  |b cr  |2 rdacarrier 
500 |a Weekly report compiling brief notices from U.S. commercial attaches and other sources on commercial shipping developments in foreign countries. Notices include some data on shipbuilding, port and canal traffic, freight rates, and foreign trade. 
533 |a Electronic reproduction.  |b [Bethesda, Md.] :  |c ProQuest,  |d 2014.  |e digital, PDF file.  |n ProQuest U.S. Executive Branch Documents  |n Mode of access: World Wide Web via ProQuest website. 
588 |a Record is based on online resource; title from PDF title page (ProQuest, last viewed Dec. 2014). Reuse except for individual research requires license from ProQuest, LLC. 
500 |a Electronic resource. 
650 0 |a Freight and freightage.  |0 http://id.loc.gov/authorities/subjects/sh85051743 
650 0 |a Harbors.  |0 http://id.loc.gov/authorities/subjects/sh85058838 
650 0 |a Ships.  |0 http://id.loc.gov/authorities/subjects/sh85121591 
651 0 |a Panama Canal (Panama)  |0 http://id.loc.gov/authorities/subjects/sh85097339 
655 7 |a Electronic books.  |2 local 
856 4 0 |u http://proxy.library.tamu.edu/login?url=http://congressional.proquest.com/congressional/docview/t66.d71.c18.89-8  |z Connect to the full text of this electronic document  |t 0 
999 f f |s 7fe75a1d-e83c-39a2-8b4f-f5174c586386  |i 1edcd228-2240-3c12-bd93-f81ab9b30351  |t 0 
952 f f |a Texas A&M University  |b College Station  |c Electronic Resources  |d Available Online  |t 0  |h No information provided 
998 f f |t 0  |l Available Online